Eponym or EpoNOT? Quiz Stats

 Plays Quiz Updated Feb 27, 2020

Support Sporcle.
Go Orange.
Score 0/30 Timer 03:00
0 Plays Today
Word Nym or Not % Correct
Nanosecond???
90.8%
August???
85.7%
Bit???
84.4%
Fahrenheit???
82.5%
Volt???
79.6%
Diesel???
76.7%
Polyester???
76.2%
Celsius???
74.7%
Eponym???
72%
Leotard???
70.8%
Dahlia???
69.4%
Sadism???
67.8%
Backgammon???
64.6%
Quark???
64.5%
Zimbabwe???
64.1%
Word Nym or Not % Correct
Boycott???
61.4%
Chauvinism???
60.2%
Sideburns???
59.6%
Jalapeño???
57.8%
Himalayan???
56.3%
Bloomers???
51.5%
Shrapnel???
49.8%
Stencil???
47%
Kaleidoscope???
45.7%
Dunce???
45.1%
Silhouette???
43.1%
Amish???
40%
Guppy???
39%
Nicotine???
37.8%
Bluetooth???
35.5%

You're not logged in!

Compare scores with friends on all Sporcle quizzes.
OR
Log In

From the Vault

Follow That Line: The Simpsons

by druhutch

'Embiggens?' I never heard that word before I moved to Springfield.
Remove Ads.
Support Sporcle.
Get the best of Sporcle when you Go Orange. This ad-free experience offers more features, more stats, and more fun while also helping to support Sporcle. Thank you for becoming a member.

Show Comments

Extras

Top Quizzes Today


Score Distribution

Your Account Isn't Verified!

In order to create a playlist on Sporcle, you need to verify the email address you used during registration. Go to your Sporcle Settings to finish the process.

Report this User

Report this user for behavior that violates our Community Guidelines.

Details: